| 000 | 00739nam a2200205Ia 4500 | ||
|---|---|---|---|
| 003 | OSt | ||
| 005 | 20210613185814.0 | ||
| 008 | 210310s1997 ck a gr 000 0 spa d | ||
| 040 |
_aCO-JMCR _cCO-JMCR |
||
| 041 | 0 | _aspa | |
| 082 | 0 | 4 |
_a333.7615 / _bM494i _223 |
| 100 | 1 |
_aMeek, Elizabeth, _915980 _eeditora |
|
| 245 | 1 | 3 |
_aEl IICA en Colombia / _ceditora, Elizabeth Meek |
| 260 |
_aBogotá : _bIICA, _c1997 |
||
| 300 |
_a28 páginas : _bilustraciones a blanco y negro ; _c22 cm. |
||
| 505 | 0 | _aAntecedentes -- Servicios -- Acceso a la cooperación técnica -- Centro Regional Andino | |
| 610 | 1 | 4 |
_aInstituto Interamericano de Cooperación para la Agricultura _xHistoria _936296 |
| 650 | 1 | 4 |
_aAgricultura _915982 _zColombia |
| 942 |
_2ddc _cBK |
||
| 999 |
_c7977 _d7977 |
||